000 00459nam a2200181Ia 4500
008 090124s9999 xx 000 0 und d
082 _b119916
100 _aमंगेशकर गीता
245 _a भूषण
250 _a1
260 _c1983
300 _a191+16
600 _aमंगेशकर गीता
630 _a भूषण
700 _aमंगेशकर गीता
730 _a भूषण
942 _cBOOK
999 _c166002
_d166002